Computer concepts and C programming (Record no. 240535)

MARC details
000 -LEADER
fixed length control field 00728nam a22002297a 4500
005 - DATE AND TIME OF LATEST TRANSACTION
control field 20251013115731.0
008 - FIXED-LENGTH DATA ELEMENTS--GENERAL INFORMATION
fixed length control field 251013b |||||||| |||| 00| 0 eng d
020 ## - INTERNATIONAL STANDARD BOOK NUMBER
International Standard Book Number 9788122432015
040 ## - CATALOGING SOURCE
Transcribing agency AL
041 ## - LANGUAGE CODE
Language code of text/sound track or separate title English
082 ## - DEWEY DECIMAL CLASSIFICATION NUMBER
Classification number 005.133
Item number KHAC
100 ## - MAIN ENTRY--PERSONAL NAME
Personal name Rajiv Khanna
100 ## - MAIN ENTRY--PERSONAL NAME
9 (RLIN) 242109
245 ## - TITLE STATEMENT
Title Computer concepts and C programming
260 ## - PUBLICATION, DISTRIBUTION, ETC.
Place of publication, distribution, etc. New Delhi
Name of publisher, distributor, etc. New Age International (p) Limited Publishers
Date of publication, distribution, etc. 2011
300 ## - PHYSICAL DESCRIPTION
Extent xxiii,410p.
Other physical details PB
Dimensions 24x18cm
365 ## - TRADE PRICE
Price type code ABDI0818/25
Price amount ₹150.00
Currency code
Unit of pricing ₹200.00
Price note 25%
Price effective from 03-10-2025
650 ## - SUBJECT ADDED ENTRY--TOPICAL TERM
Topical term or geographic name entry element VTU Syllabus
9 (RLIN) 242110
650 ## - SUBJECT ADDED ENTRY--TOPICAL TERM
Topical term or geographic name entry element Includes Computer Programming Laboratory
9 (RLIN) 242111
650 ## - SUBJECT ADDED ENTRY--TOPICAL TERM
Topical term or geographic name entry element C Programming
9 (RLIN) 242112
700 ## - ADDED ENTRY--PERSONAL NAME
Personal name Shashidhara, M S
9 (RLIN) 242113
942 ## - ADDED ENTRY ELEMENTS (KOHA)
Source of classification or shelving scheme Dewey Decimal Classification
Koha item type Book
Holdings
Withdrawn status Lost status Source of classification or shelving scheme Damaged status Not for loan Collection code Home library Current library Date acquired Source of acquisition Cost, normal purchase price Total Checkouts Full call number Barcode Date due Date last seen Date last checked out Cost, replacement price Price effective from Koha item type
    Dewey Decimal Classification     Computer Science and Engineering St Aloysius Engineering Library St Aloysius Engineering Library 10/13/2025 Acdaemic Book Distributors 150.00 2 005.133 KHAC SE000023 05/23/2026 01/23/2026 01/23/2026 200.00 10/03/2025 Book
    Dewey Decimal Classification     Computer Science and Engineering St Aloysius Engineering Library St Aloysius Engineering Library 10/13/2025 Acdaemic Book Distributors 150.00   005.133 KHAC SE000024   10/13/2025   200.00 10/03/2025 Book